| 000 | 00417nam a2200169Ia 4500 | ||
|---|---|---|---|
| 005 | 20250606031306.0 | ||
| 008 | 240331s9999 xx 000 0 und d | ||
| 020 | _a955591137X | ||
| 082 |
_bSIR _a305 |
||
| 100 | _aSiri Seevali, Babarande | ||
| 245 | 0 | _aSresta kanthawo | |
| 250 | _a2nd | ||
| 260 |
_aRajagiriya _bKurulupoth publishers _c2004 |
||
| 300 | _a129 p ., | ||
| 500 | _aA book on Great womens | ||
| 942 | _cL | ||
| 999 |
_c5262 _d5262 |
||